CERTIFIKÁCIA POĽNOHOSPODÁRSKO-POTRAVINÁRSKEHO VÝROBKU

Podrobná bibliografia
Hlavný autor: Ricardo Visiers Guelbenzu (Autor)
Ďalší autori: Delgadová, Elena (Prekladateľ)
Médium: Článok
Jazyk:slovenčina

MARC

LEADER 00000nab a2200000 a 4500
001 vtls011116978
003 SK-MaSNL
005 20260304030124.0
008 250310|1999 xo |||||||||||||||||slo|
015 |a SNBRB 
035 |a (uuid)bd514814-6af6-4e6b-90f9-7a4f6341ccbd 
035 |a (urnnbn)urn:nbn:sk:snk:ar-a08la4 
035 |a urn:nbn:sk:snk-ab9ng1 
040 |a SNKBUCL  |b slo  |c SNKBUCL  |e AACR2 
041 0 |a slo 
044 |a xo  |c SK 
100 1 |a Ricardo Visiers Guelbenzu  |4 aut  |9 1308250 
245 1 0 |a CERTIFIKÁCIA POĽNOHOSPODÁRSKO-POTRAVINÁRSKEHO VÝROBKU  |c Ricardo Visiers Guelbenzu, Elena Delgadová 
700 1 |a Delgadová, Elena  |4 trl  |9 360714 
773 0 |t Kvalita : odborný časopis Slovenskej spoločnosti pre kvalitu  |g Roč. 7, č. 3-4 (1999), s. 14-16 
958 |a OND 
958 |a EUIPO 
958 |a article13 
999 |c 2631820  |d 2633750